Songs in TBH&C - Arctic Monkeys - Statistics

General Stats
  • This quiz has been taken 100 times
  • The average score is 9 of 11
Answer Stats
# Tranquility Base Hotel & Casino % Correct
6 Four Out Of Five
92%
4 Tranquility Base Hotel & Casino
92%
10 Batphone
89%
2 One Point Perspective
86%
1 Star Treatment
86%
11 The Ultracheese
85%
7 The World's First Ever Monster Truck Front Flip
83%
5 Golden Trunks
81%
3 American Sports
80%
9 She Looks Like Fun
80%
8 Science Fiction
77%
No matching quizzes found
Score Distribution
Percent of People with Each Score
Percentile by Number Answered
Your Score History
You have not taken this quiz